Представление документа в формате RUSMARC

ПолеНазваниеЗначение
  Тип записи a
  Библиографический уровень m
001 Контрольный номер 081e2bc9aaa948fea35612cf45b6f4eb
005 Дата корректировки 20140527111023.5
010 Индекс ISBN __
a ISBN 978-5-9916-0073-6
101 Язык документа 0_
a Язык текста rus
102 Страна публикации __
a Страна публикации RU
200 Заглавие и сведения об ответственности 1_
a Заглавие Антикризис. Продажи и продвижение: комплексные решения. Вып. 2
f Первые сведения об ответственности В. В. Долгих [и др.]
210 Выходные данные 1_
c Издательство Юрайт
a Место издания М.
d Дата издания 2009
215 Физическое описание __
a Объем 379, [1] с.
225 Серия 2_
a Серия Время перемен
610 Ключевые слова 0_
a Ключевые слова антикризис
610 Ключевые слова 0_
a Ключевые слова продажи
610 Ключевые слова 0_
a Ключевые слова продвижение
610 Ключевые слова 0_
a Ключевые слова антикризисное управление
610 Ключевые слова 0_
a Ключевые слова спрос
610 Ключевые слова 0_
a Ключевые слова экономический кризис
610 Ключевые слова 0_
a Ключевые слова работа продавцов
610 Ключевые слова 0_
a Ключевые слова реклама
610 Ключевые слова 0_
a Ключевые слова рекламная кампания
610 Ключевые слова 0_
a Ключевые слова PR бизнеса
610 Ключевые слова 0_
a Ключевые слова пиар
610 Ключевые слова 0_
a Ключевые слова риски
610 Ключевые слова 0_
a Ключевые слова коммуникационная стратегия
610 Ключевые слова 0_
a Ключевые слова case-study
610 Ключевые слова 0_
a Ключевые слова управление ассортиментом
610 Ключевые слова 0_
a Ключевые слова стратегия продаж
686 Индексы других классификаций __
a Классификационный индекс 65.050.8
2 Код системы rubbk
686 Индексы других классификаций __
a Классификационный индекс 65.9(2)421
2 Код системы rubbk
701 Альтернативная интеллектуальная ответственность _1
a Фамилия Долгих
b Имя В. В.
g Полное личное имя Валерия Васильевна
701 Альтернативная интеллектуальная ответственность _1
a Фамилия Самойлова
b Имя Н. В.
g Полное личное имя Наталья Викторовна
701 Альтернативная интеллектуальная ответственность _1
a Фамилия Студеникин
b Имя Н. В.
g Полное личное имя Николай Владимирович
701 Альтернативная интеллектуальная ответственность _1
a Фамилия Бузукова
b Имя Е. А.
g Полное личное имя Екатерина Анатольевна
801 Источник записи _0
a Страна RU
b Организация РУК
c Дата составления 20121113
g Правила каталогизации PSBO
801 Источник записи _1
a Страна RU
b Организация РУК
c Дата составления 20121113
g Правила каталогизации PSBO
852 Данные о местонахождении __
i Авторский знак А 72
j Шифр хранения ББК 65.050
901 Тип документа __
t Тип документа m
938 Служебная информация __
a Название организации Головной вуз
b Имя БД BOOK
c Название АИБС АИБС ИРБИС